000 00483nam a2200193 a 4500
001 1767946523854
003 YourLibrary
005 20260110115633.0
008 260109s1999##################000#0#eng##
020 _a9780820445946
082 0 4 _a302.2
_bSPI
100 1 _aMeeting, Semiotic Society of America.,
_eauthor.
245 1 0 _aSemiotics :
260 _c1999.
300 _a392 pages
650 0 _aSemiotics.
942 _cENGLISH
040 _aYourLibrary
_beng
_cYourLibrary
999 _c608060
_d608060